Normal view
MARC view
- Health service areas
Entry Topical Term
001 - CONTROL NUMBER
- control field: 3008
003 - CONTROL NUMBER IDENTIFIER
- control field: NUST
005 - DATE AND TIME OF LATEST TRANSACTION
- control field: 20170621105617.0
008 - FIXED-LENGTH DATA ELEMENTS
- fixed length control field: 170621|| aca||aabn | a|a d
040 ## - CATALOGING SOURCE
- Original cataloging agency: NUST
- Transcribing agency: NUST
150 ## - HEADING--TOPICAL TERM
- Topical term or geographic name entry element: Health service areas
- Geographic subdivision: Developing countries.
670 ## - SOURCE DATA FOUND
- Source citation: Work cat.: (NUST)0: Cheesbrough, Monica. 3003, District laboratory practice in tropical countries /, 1998.
